A stand for independence : a Felicity classic. #2 ... Read More
Available copies
- 3 of 3 copies available at LARL/NWRL Consortium.
- 3 of 3 copies available at Lake Agassiz Regional Library. (Show preferred library)
Current holds
0 current holds with 3 total copies.
Show Only Available Copies
| Location | Call Number / Copy Notes | Barcode | Shelving Location | Status | Due Date |
|---|---|---|---|---|---|
| Ada Public Library | J TRI (Text) | 33500012443321 | Main | Available | - |
| Bagley Public Library | J TRI (Text) | 33500012443339 | Main | Available | - |
| Detroit Lakes Public Library | J TRI (Text) | 33500012443313 | Main | Available | - |
Record details
- ISBN: 1609588622
- ISBN: 9781609588625
- Physical Description: 165 pages ; 19 cm.
- Publisher: Middleton, WI : American Girl, [2017]
Content descriptions
| General Note: | "1774"--Cover. "American Girl"--Cover. |
| Summary, etc.: | "When Felicity overhears a plot against the ... Read More |
| Target Audience Note: | 8+ |
Search for related items by subject
Search for related items by series
| LDR | 01938cam a2200433K 4500 | ||
|---|---|---|---|
| 001 | 237592 | ||
| 003 | LARL_NWRL_CONSORTIUM | ||
| 005 | 20180215144006.0 | ||
| 008 | 160919s2017 wiu 000 0 eng d | ||
| 020 | . | ‡a1609588622 | |
| 020 | . | ‡a9781609588625 | |
| 035 | . | ‡a(OCoLC)958449129 | |
| 100 | 1 | . | ‡aTripp, Valerie, ‡d1951- ‡eauthor. ‡0(LARL_NWRL_CONSORTIUM)86594 |
| 245 | 1 | 2. | ‡aA stand for independence : ‡ba Felicity classic. ‡n#2 / ‡cby Valerie Tripp. |
| 264 | 1. | ‡aMiddleton, WI : ‡bAmerican Girl, ‡c[2017] | |
| 300 | . | ‡a165 pages ; ‡c19 cm. | |
| 336 | . | ‡atext ‡btxt ‡2rdacontent | |
| 337 | . | ‡aunmediated ‡bn ‡2rdamedia | |
| 338 | . | ‡avolume ‡bnc ‡2rdacarrier | |
| 490 | 0 | . | ‡aAmerican Girl Beforever Felicity ; ‡v2 |
| 490 | 0 | . | ‡aFelicity classic ; ‡v2 |
| 500 | . | ‡a"1774"--Cover. | |
| 500 | . | ‡a"American Girl"--Cover. | |
| 521 | 1 | . | ‡a8+ |
| 520 | . | ‡a"When Felicity overhears a plot against the colonists, no one believes her but Ben, her father's apprentice. So the two risk great danger to warn the colonists themselves. Soon afterward, Felicity finds a secret note from Ben. He has run away to join George Washington's army, and he is injured. Felicity is worried about him but knows it would be wrong to help a runaway apprentice. Then she is turned away from the door of her best friend, Elizabeth. Will the war for independence come between Felicity and her friends?"--Publisher. | |
| 650 | 0. | ‡aFriendship ‡vJuvenile fiction. ‡0(LARL_NWRL_CONSORTIUM)164914 | |
| 650 | 0. | ‡aFamilies ‡vJuvenile fiction. ‡0(LARL_NWRL_CONSORTIUM)164956 | |
| 650 | 0. | ‡aApprentices ‡vJuvenile fiction. | |
| 651 | 0. | ‡aWilliamsburg (Va.) ‡xHistory ‡yColonial period, ca. 1600-1775 ‡vJuvenile fiction. | |
| 650 | 1. | ‡aFamily life ‡vFiction. | |
| 650 | 1. | ‡aHistorical fiction. ‡0(LARL_NWRL_CONSORTIUM)22198 | |
| 901 | . | ‡a237592 ‡b ‡c237592 ‡tbiblio | |

Add to basket
Permalink
Disable Highlighting